000
00219 a2200097 4500
001
30236
100
_a
Mcclement, F
245
_a
It doesnot Matter where you sit
260
_a
London
_b
Cassell
_c
090
_c
20179
_d
20179
942
_a
NUST-CAE
_c
M
_c
11313
999
_c
265309
_d
265309